9 najludniejszych miast w Gruzjii - Statystyki

Ogólne statystyki
  • Ten quiz został rozwiązany 10 razy
  • Średni wynik to 5 z 9
Statystyki odpowiedzi
Ludność Miasto % Poprawnych
125 800 Batumi
100%
1 172 700 Tbilisi
100%
196 800 Kutaisi
71%
54 900 Gori
43%
62 914 Suchumi
43%
47 900 Poti
29%
122 500 Rustawi
29%
30 400 Samtredia
29%
75 700 Zugdidi
14%
Nie znaleziono quizów pasujących do podanych kryteriów
Rozkład punktacji
Procent ludzi z każdym wynikiem
Percentyl według liczby udzielonych odpowiedzi
Twoja historia wyników
Nie rozwiązałeś tego quizu